MARC

LEADER 00000cam a22000004a 4500
001 musev2_70643
003 MdBmJHUP
005 20230905051302.0
006 m o d
007 cr||||||||nn|n
008 100520s1993 ncu o 00 0 eng d
010 |z  92039981  
020 |a 9780822379287 
020 |z 9780822313403 
020 |z 9780822313328 
035 |a (OCoLC)1167396411 
040 |a MdBmJHUP  |c MdBmJHUP 
100 1 |a Bukatman, Scott,  |d 1957-  |e author. 
245 1 0 |a Terminal Identity :   |b The Virtual Subject in Postmodern Science Fiction /   |c Scott Bukatman. 
264 1 |a Durham :  |b Duke University Press,  |c 1993. 
264 3 |a Baltimore, Md. :  |b Project MUSE,   |c 2020 
264 4 |c ©1993. 
300 |a 1 online resource (420 pages):   |b illustrations 
336 |a text  |b txt  |2 rdacontent 
337 |a computer  |b c  |2 rdamedia 
338 |a online resource  |b cr  |2 rdacarrier 
505 0 |a 1. Terminal Image. The Image Addict. The Society of the Spectacle. Cut-ups and White Noise. J.G. Ballard and the Mediascape. The Man Who Fell to Earth -- Loving the Alien. The Schizoculture of Philip K. Dick. Superheroes for a New Era. 1. American Flagg! and Nam June Paik. 2. Max Headroom -- 20 Minutes into the Future. The Image Virus. The Electronic Nervous System. The Electronic Virus. William Burroughs, the Nova Mob, and the Silence Virus. Burroughs and Cronenberg -- Word and Body. Videodrome. Ubik and the Reality Fix. Videodrome -- The Death of Representation -- 2. Terminal Space -- Introduction -- Electronic Space. Cyberspace. The Cybernetic (City) State. Blade Runner and Fractal Geography. Cyberpunk. Neuromancer. The Production of Cyberspace. Paraspace. The Paraspaces of Science Fiction. Worlds in Collision. Urban Zones and Cyber Zones. Return to Paraspace (Into the Quanta). The SF Text as Paraspace. Coda -- Baudrillard in the Zone -- 3. Terminal Penetration. Narrative and Virtual Realities. Fun in Cyberspace. Jacking in. "True Names" Cyberspace Cowboys -- Kinetic Urban Subjects. 1. Cyberspace and the Omnipotence of Thoughts. 2. A Tactics of Kinesis. TRON -- Cinema in Cyberspace. There's Always ... Tomorrowland -- 4. Terminal Flesh. Lifestyles of the Electronically Enhanced. The Persistence of Memory. Cyberpunks with a Plan. Terminal Cyborgs. Into the Plasma Pool. The Extrusion of the Flesh. Alien. The Fly. Blood Music. Schismatrix -- Living in the Posthuman Solar System. Bataille and the New Flesh. Cosmic Continuity. Panic Subjects in the Machine Civilization. 1. Buttonheads, Wireheads, and Charge Addicts. 2. Antibodies. Boys' Toys from Hell. Crash. Limbo. Techno-Surrealism -- 5. Terminal Resistance/Cyborg Acceptance. Terminal Resistance. The Armored Body (and the Armored Arnold). Feminist Resistance and a Romance Novel for Cyborgs. Cyborg Acceptance. The End of Eden. The Body without Organs. 
588 |a Description based on print version record. 
650 1 7 |a Virtuele werkelijkheid.  |2 gtt 
650 1 7 |a Postmodernisme.  |2 gtt 
650 1 7 |a Science fiction.  |2 gtt 
650 7 |a Virtual reality in literature.  |2 fast  |0 (OCoLC)fst01167701 
650 7 |a Science fiction, American.  |2 fast  |0 (OCoLC)fst01108635 
650 7 |a Postmodernism (Literature)  |2 fast  |0 (OCoLC)fst01073181 
650 7 |a Identity (Psychology) in literature.  |2 fast  |0 (OCoLC)fst00966910 
650 7 |a American fiction.  |2 fast  |0 (OCoLC)fst00807048 
650 7 |a LITERARY CRITICISM  |x Science Fiction & Fantasy.  |2 bisacsh 
650 7 |a LITERARY CRITICISM  |x American  |x General.  |2 bisacsh 
650 6 |a Realite virtuelle dans la litterature. 
650 6 |a Identite (Psychologie) dans la litterature. 
650 6 |a Postmodernisme (Litterature)  |z États-Unis. 
650 6 |a Roman americain  |y 20e siecle  |x Histoire et critique. 
650 0 |a Virtual reality in literature. 
650 0 |a Identity (Psychology) in literature. 
650 0 |a Postmodernism (Literature)  |z United States. 
650 0 |a American fiction  |y 20th century  |x History and criticism. 
650 0 |a Science fiction, American  |x History and criticism. 
651 7 |a United States.  |2 fast  |0 (OCoLC)fst01204155 
655 7 |a Criticism, interpretation, etc.  |2 fast  |0 (OCoLC)fst01411635 
655 7 |a Electronic books.   |2 local 
710 2 |a Project Muse.  |e distributor 
830 0 |a Book collections on Project MUSE. 
856 4 0 |z Texto completo  |u https://projectmuse.uam.elogim.com/book/70643/ 
945 |a Project MUSE - Custom Collection